书目信息 |
| 题名: |
行书自学教程
|
|
| 作者: | 黄全信 编著 | |
| 分册: | ||
| 出版信息: | 北京 华语教学出版社 1995 |
|
| 页数: | 152页 | |
| 开本: | 26cm | |
| 丛书名: | 中国书法自学丛书 | |
| 单 册: | ||
| 中图分类: | J292.35 | |
| 科图分类: | ||
| 主题词: | 行书-书法--中国--教材 , 书法-行书--中国--教材 | |
| 电子资源: | ||
| ISBN: | 7-80052-384-5 | |
| 000 | 00830nam2 2200265 45 | |
| 001 | 0195019301 | |
| 005 | 20061017153926.01 | |
| 010 | @a7-80052-384-5@dCNY12.60 | |
| 100 | @a19950506d1995 em y0chiy0121 ea | |
| 101 | 0 | @achi |
| 102 | @aCN@b110000 | |
| 105 | @ay z 000yy | |
| 200 | 10 | @a行书自学教程@AXING SHU ZI XUE JIAO CHENG@f黄全信编著@FHUANG QUAN XIN BIAN ZHU |
| 210 | @a北京@c华语教学出版社@d1995 | |
| 215 | @a152页@d26cm | |
| 225 | 2 | @a中国书法自学丛书 |
| 300 | @a版权页题名为:中国书法自学教程-行书 | |
| 314 | @a黄全信,北京师大附中美术、书法高级教师,北京书法家协会会员 | |
| 410 | 0 | @120010@a中国书法自学丛书 |
| 606 | @a行书-书法@y中国@x教材 | |
| 606 | @a书法-行书@y中国@x教材 | |
| 690 | @aJ292.35@v3 | |
| 701 | 0 | @a黄全信@AHUANG QUAN XIN@4编著 |
| 801 | 0 | @aCN@bTSSF@c20061017 |
| 905 | @a10447@dJ292.35@e402 | |
| 行书自学教程/黄全信编著.-北京:华语教学出版社,1995 |
| 152页;26cm.-(中国书法自学丛书) |
| 版权页题名为:中国书法自学教程-行书 |
| ISBN 7-80052-384-5:CNY12.60 |
| ● |
| 相关链接 |
|
|
|
|
正题名:行书自学教程
索取号:J292.35/402
 
预约/预借
| 序号 | 登录号 | 条形码 | 馆藏地/架位号 | 状态 | 备注 |
| 1 | 0502616 | 205026167 | 第一样本阅览室/ [索取号:J292.35/402] | 在馆 |